15 najbardziej dotkniętych krajów Covid-19 - 1 maja 2021 - Statystyki

Ogólne statystyki
  • Ten quiz został rozwiązany 41 razy
  • Średni wynik to 14 z 28
Statystyki odpowiedzi
kraj % Poprawnych
Stany Zjednoczone
95%
Polska
93%
Niemcy
90%
Rosja
88%
Hiszpania
78%
Francja
76%
Włochy
73%
Indie
68%
Brazylia
66%
Meksyk
63%
Portugalia
61%
Argentyna
59%
Wielka Brytania
59%
Szwecja
54%
Czechy
51%
Belgia
44%
Holandia
41%
Chorwacja
39%
Turcja
39%
Litwa
32%
Węgry
32%
Słowenia
29%
Estonia
27%
Iran
24%
Kolumbia
24%
Izrael
20%
Panama
12%
Bahrajn
5%
Nie znaleziono quizów pasujących do podanych kryteriów
Rozkład punktacji
Procent ludzi z każdym wynikiem
Percentyl według liczby udzielonych odpowiedzi
Twoja historia wyników
Nie rozwiązałeś tego quizu